Responses for Show #2388 - Wednesday, January 11, 1995

Contestants

[<< previous game]

Michael Friel, a playwright from Philadelphia, Pennsylvania

Joyce Leahy, a community relations coordinator from Park Ridge, Illinois

Doug Carey, an attorney from Longwood, Florida (whose 1-day cash winnings total $13,201)

[next game >>]

Jeopardy! Round responses

NAME THE DECADE
ACTRESSES
GOVERNMENT & POLITICS
GEOGRAPHY
WEAPONS
CROSSWORD CLUES "T"
    $100 21
the 1490s

Michael
    $100 5
Mae West

Michael
    $100 1
inauguration

Doug
    $100 9
Spain

Doug
    $100 26
a boomerang

Joyce
    $100 14
a throne

Doug
    $200 22
the 1780s

Michael
    $200 6
Brett Butler

Joyce
    $200 2
Jefferson Davis

Doug
    $200 10
Sicily

Doug
    $200 27
(Doug: What is a stiletto?)
...
(Alex: Very much like a stiletto. There was a close-up of it at the end of the film, the [*] under the bed.)

ice pick

Doug
Triple Stumper
    $200 17
a toga

Joyce
    $300 23
the 1920s

Joyce
    $300 7
Eva & Zsa Zsa

Doug
    $300 3
split

Doug
    $300 11
(Joyce: What is Australia?)

Antarctica

JoyceMichael
    $300 28
tomahawks

Joyce
    $300 18
tandem

Joyce
    $400 24
the 1880s

Doug
    $400 12
Diana Rigg

Joyce
    $400 4
deficit

Joyce
    $600 15
(Doug: What are the Christmas Islands?)

the Galapagos Islands

Doug
    $400 29
a torpedo

Michael
    $400 19
typhoid

Joyce
    $500 25
the 1860s

Joyce
    $500 13
Tippi Hedren

Joyce
    $500 8
(Lloyd) Bentsen

Doug
    $500 16
Connecticut

Doug
    $500 30
(Joyce: What is a bolo?)

a bola

JoyceMichael
    $500 20
talisman

Joyce

Scores at the first commercial break (after clue 15):

Doug Joyce Michael
$1,200 $1,200 $400

Scores at the end of the Jeopardy! Round:

Doug Joyce Michael
$1,900 $3,300 $1,600

Double Jeopardy! Round responses

COLONIAL AMERICA
SCIENCE FICTION
THE OLD TESTAMENT
PEOPLE
U.S. STATES
SHAKESPEARE
    $200 16
Ben Franklin

Michael
    $200 30
(Sir Arthur Conan) Doyle

Michael
    $200 11
Samson

Doug
    $200 21
the Philippines

Doug
    $200 6
Florida

Joyce
    $200 1
music

Michael
    $400 17
indigo

Doug
    $400 29
(Arthur) Clarke

Joyce
    $400 12
Daniel

Joyce
    $400 22
Dan Quayle

Doug
    $400 7
Maine

Michael
    $400 2
Anne

Joyce
    $600 18
royal colonies

Michael
    $600 28
John Jakes

Michael
    $600 13
Moses

Michael
    $600 23
the sinking of the Titanic

Michael
    $600 8
Idaho

Triple Stumper
    $600 3
Lady Macbeth

Michael
    $800 19
John Alden

Joyce
    $800 27
The Stepford Wives

Michael
    $800 14
Elijah

Joyce
    $800 24
photography

Triple Stumper
    $800 9
Delaware

Michael
    $800 4
Timon of Athens

Joyce
    $600 20
(Joyce: What is the House of Burgess?)
(Alex: Oh, Joyce, if you had added just two more letters, an E and an S, and said [*], you would be correct.)

the House of Burgesses

Joyce
    $1000 26
Frank Herbert

Triple Stumper
    $1000 15
(Doug: Who is Absalom?)

Jonathan

DougMichael
    $1000 25
Chile

Joyce
    $1000 10
(Alex: If you were a racing fan, a horse racing fan, you might know this one. [*], site of the Preakness.)

Maryland

Triple Stumper
    $1,200 5
(Joyce: What is Pericles, Prince of Tyre?)

Troilus and Cressida

Joyce

Scores at the end of the Double Jeopardy! Round:

Doug Joyce Michael
$2,100 $6,300 $8,200

[wagering suggestions for these scores]

Final Jeopardy! Round responses

BUSINESS & INDUSTRY
DougWhat is Oneida?
$2,099
JoyceWhat is Oneida?
$6,299
MichaelWhat is Co Oneida?
$4,401
Oneida

Final scores:

Doug Joyce Michael
$4,199 $12,599 $12,601
3rd place: Kroy labelling system 2nd place: Curtis Mathis 32" home theater monitor receiver + La-Z-Boy sofa New champion: $12,601

Game dynamics:

Coryat scores:

Doug Joyce Michael
$2,700 $8,100 $8,200
14 R,
3 W
(including 1 DD)
20 R,
4 W
(including 2 DDs)
18 R,
0 W

Combined Coryat: $19,000

[game clues] [game scores] [suggest correction]

Game tape date: 1994-10-25
The J! Archive is created by fans, for fans. Scraping, republication, monetization, and malicious use prohibited; this site may use cookies and collect identifying information. See terms. The Jeopardy! game show and all elements thereof, including but not limited to copyright and trademark thereto, are the property of Jeopardy Productions, Inc. and are protected under law. This website is not affiliated with, sponsored by, or operated by Jeopardy Productions, Inc. Join the discussion at JBoard.tv.